00469nam a2200157Ia 4500003000900000008004100009020001800050040001600068080001500084100001700099245009100116260004800207300001300255650002600268650001700294IN-BaIIA211028s9999 xx 000 0 eng d a0-521-25862-6 cIIA Library a535.5bKON aKonnen, G. P 0aPolarized light in naturecG. P Konnen  aCambridgebCambridge University Pressc1985 ax, 172p. aMeteorological optics aPolarization